[Event "Junior Online 4NCL Division 1"]
[Site "online"]
[Date "2021.04.01"]
[EventDate "2021.04.01"]
[Round "6.113"]
[White "Hill-Wood, T Wilfred D"]
[WhiteElo "1701"]
[WhiteTeam "KCJS 1"]
[Black "Molostvov, Dmitry M"]
[BlackElo "1673"]
[BlackTeam "Brentwood School A"]
[Result "1/2-1/2"]
[PlyCount "46"]

1. e4 c5 2. Nc3 Nc6 3. f4 e6 4. Nf3 Nge7 5. Bc4 d5 6. Bb5 a6 7. Bxc6+ Nxc6 8. O-O Be7 9. d3 O-O 10. Qe1 d4 11. Ne2 b5 12. Qg3 f5 13. Ng5 Bxg5 14. fxg5 fxe4 15. Rxf8+ Qxf8 16. dxe4 e5 17. g6 hxg6 18. Qxg6 Qf7 19. Qxc6 Bb7 20. Qxc5 Bxe4 21. Qxe5 Rf8 22. Qf4 Qg6 23. Qg3 Qh5 {[W: 0:08:58; B: 0:02:11]} 1/2-1/2

[Event "Junior Online 4NCL Division 1"]
[Site "online"]
[Date "2021.04.01"]
[EventDate "2021.04.01"]
[Round "6.115"]
[White "Pert, Nina"]
[WhiteElo "1707"]
[WhiteTeam "Brentwood School A"]
[Black "Buanne, Luca"]
[BlackElo "1871"]
[BlackTeam "KCJS 1"]
[Result "0-1"]
[PlyCount "104"]

1. e4 c5 2. Nf3 d6 3. d4 cxd4 4. Nxd4 Nf6 5. Nc3 a6 6. f3 e5 7. Nb3 Be7 8. Be3 Be6 9. Qd2 O-O 10. O-O-O Nbd7 11. g4 b5 12. h4 Nb6 13. h5 Nc4 14. Bxc4 bxc4 15. Na1 Rb8 16. g5 Ne8 17. g6 h6 18. Bxh6 gxh6 19. gxf7+ Kxf7 20. Kb1 Bg5 21. Qe2 Qb6 22. b3 Qb4 23. Nd5 Bxd5 24. exd5 c3 25. Qd3 Nf6 26. f4 Bxf4 27. Rhg1 Rg8 28. Rxg8 Rxg8 29. Qxa6 Re8 30. a3 Qc5 31. b4 Qc7 32. Nb3 Nxh5 33. Rh1 Ng3 34. Rg1 Re7 35. Qd3 e4 36. Qd4 Qa7 37. Re1 Bd2 38. Rg1 Qxd4 39. Nxd4 Be3 40. Rxg3 Bxd4 41. Rg2 e3 42. Re2 Re5 43. Ka2 Rf5 44. Kb3 Rf2 45. Re1 Rd2 46. Kc4 e2 47. a4 Bf2 48. Rh1 e1=Q 49. Rxe1 Bxe1 50. a5 Rxc2 51. a6 Ra2 52. b5 c2 {[W: 0:00:31; B: 0:02:24]} 0-1

[Event "Junior Online 4NCL Division 1"]
[Site "online"]
[Date "2021.04.01"]
[EventDate "2021.04.01"]
[Round "6.116"]
[White "Patel, Sen"]
[WhiteElo "1703"]
[WhiteTeam "KCJS 1"]
[Black "Pert, Max"]
[BlackElo "1662"]
[BlackTeam "Brentwood School A"]
[Result "1-0"]
[PlyCount "113"]

1. e4 c6 2. d4 d5 3. e5 c5 4. Nf3 Nc6 5. c3 Bg4 6. Be2 e6 7. h3 Bh5 8. Be3 Qb6 9. Qd2 Bg6 10. O-O cxd4 11. cxd4 Nge7 12. Nc3 Nf5 13. a3 Be7 14. Rac1 O-O 15. Na4 Qa5 16. Qxa5 Nxa5 17. Rc7 Rab8 18. Rfc1 Nc6 19. Nc5 Bxc5 20. Rxc5 Nfe7 21. Nh4 Rbc8 22. Rxb7 Nf5 23. Nxf5 Bxf5 24. b4 a5 25. Bb5 axb4 26. Bxc6 bxa3 27. Ra7 Rb8 28. Rxa3 Be4 29. f3 Bf5 30. Ra7 Rb3 31. Kf2 h5 32. g4 hxg4 33. hxg4 Bd3 34. Ba4 Ra3 35. Rcc7 Rb8 36. Rcb7 Rxb7 37. Rxb7 Rxa4 38. g5 g6 39. Bd2 Rxd4 40. Ke3 Ra4 41. Kxd3 Ra3+ 42. Bc3 Ra4 43. Rb4 Ra2 44. f4 Rf2 45. Bd2 Rf3+ 46. Be3 Rf1 47. Rb8+ Kg7 48. Bc5 Rxf4 49. Bf8+ Kh7 50. Be7 Kg7 51. Bf6+ Rxf6 52. exf6+ Kh7 53. Rf8 e5 54. Rxf7+ Kg8 55. Rg7+ Kf8 56. Rxg6 e4+ 57. Ke3 {[W: 0:05:19; B: 0:02:06]} 1-0

[Event "Junior Online 4NCL Division 1"]
[Site "online"]
[Date "2021.04.01"]
[EventDate "2021.04.01"]
[Round "6.117"]
[White "Molostvov, Dmitry M"]
[WhiteElo "1673"]
[WhiteTeam "Brentwood School A"]
[Black "Hill-Wood, T Wilfred D"]
[BlackElo "1701"]
[BlackTeam "KCJS 1"]
[Result "1-0"]
[PlyCount "51"]

1. d4 Nf6 2. c4 e5 3. dxe5 Ng4 4. Nf3 Bc5 5. e3 Nc6 6. Be2 O-O 7. O-O Ngxe5 8. Nc3 d6 9. Ne4 Bb6 10. b3 Bf5 11. Ng3 Bg6 12. Bb2 Qe7 13. Nxe5 Nxe5 14. Bxe5 Qxe5 15. Bd3 Bxd3 16. Qxd3 Rad8 17. Qe4 h6 18. Qxe5 dxe5 19. Rad1 c5 20. Rd5 Rfe8 21. Rfd1 Kf8 22. Ne4 f5 23. Rxd8 Rxd8 24. Rxd8+ Bxd8 25. Nxc5 b6 26. Ne6+ {[W: 0:03:52; B: 0:08:33]} 1-0

[Event "Junior Online 4NCL Division 1"]
[Site "online"]
[Date "2021.04.01"]
[EventDate "2021.04.01"]
[Round "6.118"]
[White "Kumar, Sanjit S"]
[WhiteElo "1611"]
[WhiteTeam "KCJS 1"]
[Black "Horton, Jake H"]
[BlackElo "1379"]
[BlackTeam "Brentwood School A"]
[Result "1-0"]
[PlyCount "69"]

1. e4 e5 2. Nf3 Nc6 3. Bc4 Nf6 4. Ng5 d5 5. exd5 b5 6. Bf1 Nxd5 7. Nf3 Bg4 8. Be2 Nf4 9. O-O Nxe2+ 10. Qxe2 Bd6 11. h3 Bxf3 12. Qxf3 O-O 13. Qxc6 Qf6 14. Qf3 Qxf3 15. gxf3 Rfe8 16. d3 Re6 17. Nc3 Rg6+ 18. Kh1 b4 19. Ne4 Be7 20. Be3 f5 21. Ng3 f4 22. Nf5 Bf6 23. Bc5 Rg5 24. Ne7+ Kf7 25. Nd5 Rh5 26. Nxf6 Kxf6 27. Kg2 a6 28. Bxb4 Rg8 29. Rae1 g5 30. Bc3 g4 31. fxg4 Rhg5 32. f3 h5 33. h4 R5g6 34. g5+ Kf5 35. Rxe5# {[W: 0:04:44; B: 0:09:15]} 1-0

[Event "Junior Online 4NCL Division 1"]
[Site "online"]
[Date "2021.04.01"]
[EventDate "2021.04.01"]
[Round "6.121"]
[White "Saunders, Aron"]
[WhiteElo "1780"]
[WhiteTeam "Downend Upstarts"]
[Black "Fearnhead, Ben"]
[BlackElo "1685"]
[BlackTeam "Chess in Schools"]
[Result "1-0"]
[PlyCount "81"]

1. e4 e5 2. Nf3 Nc6 3. Bb5 a6 4. Ba4 Nf6 5. O-O Be7 6. Re1 b5 7. Bb3 O-O 8. c3 d5 9. exd5 Nxd5 10. Nxe5 Nxe5 11. Rxe5 c6 12. d4 Bd6 13. Re1 Qh4 14. g3 Qh3 15. Re4 g5 16. Qf1 Qh6 17. Re1 Nf4 18. Bxf4 gxf4 19. Qg2 Kh8 20. a4 Bh3 21. Qf3 Rg8 22. Bxf7 Bg4 23. Qxc6 f3 24. Re3 Rgc8 25. Qe4 Qh3 26. Rxf3 Bxf3 27. Qxf3 Qh6 28. Qe3 Qf6 29. Qe6 Qxe6 30. Bxe6 Re8 31. d5 Bc5 32. Nd2 b4 33. Ne4 Bf8 34. c4 Rac8 35. b3 Bg7 36. Rd1 Rc7 37. d6 Rc6 38. Bd7 Rxe4 39. Bxc6 Bf6 40. Bxe4 a5 41. c5 {[W: 0:00:32; B: 0:00:10]} 1-0

[Event "Junior Online 4NCL Division 1"]
[Site "online"]
[Date "2021.04.01"]
[EventDate "2021.04.01"]
[Round "6.122"]
[White "French, Morgan"]
[WhiteElo "1627"]
[WhiteTeam "Chess in Schools"]
[Black "Goodhew, Finn"]
[BlackElo "1622"]
[BlackTeam "Downend Upstarts"]
[Result "1-0"]
[PlyCount "57"]

1. d4 Nf6 2. c4 g6 3. Nc3 d5 4. cxd5 Nxd5 5. e4 Nxc3 6. bxc3 Bg7 7. Nf3 O-O 8. Be3 c5 9. h3 Nc6 10. Bb5 Qc7 11. Qd2 Rd8 12. d5 Na5 13. O-O a6 14. Be2 e6 15. Rad1 exd5 16. exd5 b5 17. Bf4 Qb6 18. Rfe1 Be6 19. d6 Nc4 20. Bxc4 Bxc4 21. Re7 Be6 22. Ng5 Bf6 23. Nxe6 Bxe7 24. Nxd8 Bxd8 25. d7 Ra7 26. Re1 f6 27. Re8+ Kf7 28. Qd5+ Kg7 29. Qg8# {[W: 0:02:19; B: 0:00:59]} 1-0

[Event "Junior Online 4NCL Division 1"]
[Site "online"]
[Date "2021.04.01"]
[EventDate "2021.04.01"]
[Round "6.124"]
[White "Wang, Luoke"]
[WhiteElo "1479"]
[WhiteTeam "Chess in Schools"]
[Black "Saha, Soumil"]
[BlackElo "1220"]
[BlackTeam "Downend Upstarts"]
[Result "1-0"]
[PlyCount "63"]

1. d4 Nf6 2. c4 g6 3. g3 Bg7 4. Bg2 O-O 5. Nc3 c6 6. Nf3 d5 7. cxd5 cxd5 8. O-O Bg4 9. h3 Bxf3 10. Bxf3 e6 11. Bf4 Nc6 12. Nb5 Qb6 13. a4 Ne8 14. e3 a6 15. Na3 e5 16. dxe5 Nxe5 17. Bxe5 Bxe5 18. Rb1 Nc7 19. b3 Rfd8 20. Nc2 d4 21. exd4 Bxd4 22. Nxd4 Rxd4 23. Qe2 Re8 24. Qb2 Red8 25. Rbd1 Ne6 26. Bg4 f5 27. Bf3 Rxa4 28. Rxd8+ Nxd8 29. Bd5+ Nf7 30. Qe2 Qd8 31. Bxf7+ Kxf7 32. bxa4 {[W: 0:01:08; B: 0:03:25]} 1-0

[Event "Junior Online 4NCL Division 1"]
[Site "online"]
[Date "2021.04.01"]
[EventDate "2021.04.01"]
[Round "6.125"]
[White "Fearnhead, Ben"]
[WhiteElo "1685"]
[WhiteTeam "Chess in Schools"]
[Black "Saunders, Aron"]
[BlackElo "1780"]
[BlackTeam "Downend Upstarts"]
[Result "1-0"]
[PlyCount "109"]

1. e4 c6 2. d4 d5 3. e5 Bf5 4. h4 h5 5. Bg5 Qa5+ 6. Nc3 e6 7. Bd3 Bxd3 8. Qxd3 Be7 9. Nf3 Nd7 10. O-O Bxg5 11. Nxg5 Ne7 12. b4 Qc7 13. Na4 b6 14. Rac1 Nf5 15. c4 Qb7 16. cxd5 cxd5 17. Qb5 Nxd4 18. Nc5 Nxb5 19. Nxb7 Nxe5 20. a4 Nd4 21. Rfe1 Nc4 22. a5 Rb8 23. a6 O-O 24. Kh2 Nc6 25. Rb1 N6e5 26. f4 Nd3 27. Red1 Nxf4 28. Rb3 Ng6 29. g3 Nge5 30. Nf3 Ng4+ 31. Kg1 Nge3 32. Re1 f6 33. Nd4 Kf7 34. Nc6 Ra8 35. Rexe3 Nxe3 36. Rxe3 e5 37. Rc3 d4 38. Rc1 Ke6 39. Kf2 Rfc8 40. b5 Re8 41. Nb4 Rac8 42. Rxc8 Rxc8 43. Nc6 Ra8 44. Ke2 Kd5 45. Kd3 e4+ 46. Kc2 Kc4 47. Nd6+ Kc5 48. Nxe4+ Kxb5 49. Nxd4+ Kxa6 50. Ne6 Re8 51. Nc7+ Ka5 52. Nxe8 g5 53. Nxg5 Kb4 54. Nxf6 a5 55. Nd5+ {[W: 0:00:22; B: 0:00:28]} 1-0

[Event "Junior Online 4NCL Division 1"]
[Site "online"]
[Date "2021.04.01"]
[EventDate "2021.04.01"]
[Round "6.126"]
[White "Goodhew, Finn"]
[WhiteElo "1622"]
[WhiteTeam "Downend Upstarts"]
[Black "French, Morgan"]
[BlackElo "1627"]
[BlackTeam "Chess in Schools"]
[Result "0-1"]
[PlyCount "68"]

1. d4 Nf6 2. c4 e6 3. Nc3 Bb4 4. Qc2 c5 5. dxc5 Nc6 6. a3 Bxc5 7. Nf3 O-O 8. Bg5 h6 9. Bh4 Be7 10. e3 b6 11. Bd3 Bb7 12. b4 d5 13. cxd5 Nxd5 14. Bxe7 Ndxe7 15. O-O Rc8 16. Rfd1 Qc7 17. Nb5 Qb8 18. Qb3 Rfd8 19. Be4 a6 20. Bxc6 Bxc6 21. Nbd4 Bd5 22. Qb2 Nc6 23. Rac1 Ne5 24. Nxe5 Qxe5 25. Qe2 b5 26. f4 Qe4 27. Nf3 Bc4 28. Qf2 Rd3 29. Rxd3 Qxd3 30. Ne5 Qxa3 31. Qd2 f6 32. Nxc4 Rxc4 33. Rxc4 bxc4 34. Qd6 Qxe3+ {[W: 0:00:16; B: 0:02:32]} 0-1

[Event "Junior Online 4NCL Division 1"]
[Site "online"]
[Date "2021.04.01"]
[EventDate "2021.04.01"]
[Round "6.128"]
[White "Saha, Soumil"]
[WhiteElo "1220"]
[WhiteTeam "Downend Upstarts"]
[Black "Wang, Luoke"]
[BlackElo "1479"]
[BlackTeam "Chess in Schools"]
[Result "0-1"]
[PlyCount "84"]

1. Nf3 Nf6 2. d4 g6 3. c4 Bg7 4. d5 O-O 5. Bg5 d6 6. Nc3 c6 7. e4 cxd5 8. cxd5 Qa5 9. Bd2 Qb6 10. Bd3 Nbd7 11. O-O Nc5 12. Be3 Qa5 13. a3 Nxd3 14. Qxd3 a6 15. b4 Qd8 16. a4 b6 17. a5 b5 18. Bb6 Qe8 19. Rfc1 Nd7 20. Be3 Bb7 21. Ra3 Rc8 22. Ne2 Rxc1+ 23. Nxc1 Qc8 24. Ne2 Qc7 25. Ned4 Rc8 26. h3 Qc4 27. Qxc4 Rxc4 28. Nd2 Rxd4 29. Bxd4 Bxd4 30. Nf3 Bf6 31. Ra2 Bc3 32. Rc2 Bxb4 33. Rc7 Nc5 34. Rxe7 Bxa5 35. Nd4 Bc3 36. Nc6 a5 37. Re8+ Kg7 38. Rb8 a4 39. Nd8 Ba6 40. Ra8 a3 41. Ra7 a2 42. Rxf7+ Kg8 {[W: 0:04:11; B: 0:00:48]} 0-1

[Event "Junior Online 4NCL Division 1"]
[Site "online"]
[Date "2021.04.01"]
[EventDate "2021.04.01"]
[Round "6.131"]
[White "Chen, Daniel Xingyu"]
[WhiteElo "1571"]
[WhiteTeam "Warwickshire Bears B"]
[Black "Badacsonyi, Frankie"]
[BlackElo "1727"]
[BlackTeam "Muswell Hill Bishops"]
[Result "0-1"]
[PlyCount "74"]

1. e4 e6 2. d3 d5 3. Nd2 Nf6 4. Ngf3 Nc6 5. g3 dxe4 6. dxe4 e5 7. Bg2 Bc5 8. O-O O-O 9. c3 a5 10. Qc2 b6 11. Nc4 Qe7 12. Be3 Ba6 13. b3 Bxc4 14. bxc4 Bxe3 15. fxe3 Qc5 16. Qe2 Rfe8 17. Nh4 a4 18. Rxf6 gxf6 19. Bh3 Ne7 20. Rf1 Qc6 21. Qf3 a3 22. Nf5 Nxf5 23. Bxf5 Qxc4 24. Qh5 Kf8 25. Bxh7 Ke7 26. Qh4 Qc6 27. Bf5 Rh8 28. Qg4 Rag8 29. Qe2 Rd8 30. Bg4 Qxe4 31. Bf3 Qd3 32. Qf2 Qd2 33. Be2 Rh6 34. Rd1 Qxa2 35. Rxd8 Kxd8 36. Qe1 Qd5 37. Bg4 a2 {[W: 0:00:12; B: 0:01:58]} 0-1

[Event "Junior Online 4NCL Division 1"]
[Site "online"]
[Date "2021.04.01"]
[EventDate "2021.04.01"]
[Round "6.132"]
[White "Bird, Max"]
[WhiteElo "1572"]
[WhiteTeam "Muswell Hill Bishops"]
[Black "Lacoult, Maxime"]
[BlackElo "1600"]
[BlackTeam "Warwickshire Bears B"]
[Result "0-1"]
[PlyCount "36"]

1. c4 Nf6 2. d4 g6 3. Nf3 Bg7 4. Nc3 d5 5. cxd5 Nxd5 6. Bd2 O-O 7. e3 Bf5 8. e4 Nxc3 9. Bxc3 Bxe4 10. Be2 Nc6 11. O-O Bxf3 12. Bxf3 Nxd4 13. Bxb7 Rb8 14. Be4 Nb5 15. Bxg7 Kxg7 16. Qxd8 Rfxd8 17. Rfd1 Nd6 18. b3 Nxe4 {[W: 0:09:35; B: 0:05:29]} 0-1

[Event "Junior Online 4NCL Division 1"]
[Site "online"]
[Date "2021.04.01"]
[EventDate "2021.04.01"]
[Round "6.133"]
[White "Vaidyanathan, Adithya"]
[WhiteElo "1516"]
[WhiteTeam "Warwickshire Bears B"]
[Black "Badacsonyi, Stanley"]
[BlackElo "1480"]
[BlackTeam "Muswell Hill Bishops"]
[Result "0-1"]
[PlyCount "82"]

1. Nf3 Nf6 2. d4 g6 3. Bf4 Bg7 4. c3 d6 5. Nbd2 O-O 6. e4 Nbd7 7. e5 Nh5 8. Be3 dxe5 9. dxe5 Nxe5 10. Nxe5 Bxe5 11. Be2 Nf4 12. Bxf4 Bxf4 13. Nf3 Qxd1+ 14. Rxd1 Bg4 15. h3 Be6 16. O-O Bxa2 17. Nd4 Bd5 18. Nb5 c6 19. Nd4 e5 20. Nf3 e4 21. Rd4 exf3 22. Rxf4 fxe2 23. Re1 Rfe8 24. c4 Be4 25. Rxe2 Bf5 26. Rd2 Rad8 27. Re2 Rxe2 28. g4 Be4 29. Kh2 g5 30. Rf6 Kg7 31. Rf5 Bxf5 32. gxf5 Rxf2+ 33. Kg3 Rxb2 34. Kg4 Kh6 35. f6 Kg6 36. h4 Rd4+ 37. Kf3 Rb3+ 38. Ke2 Rxh4 39. Kd2 Rh2+ 40. Kc1 Rg3 41. c5 Rg1# {[W: 0:08:25; B: 0:06:51]} 0-1

[Event "Junior Online 4NCL Division 1"]
[Site "online"]
[Date "2021.04.01"]
[EventDate "2021.04.01"]
[Round "6.134"]
[White "Burnton, Joshua"]
[WhiteElo "1472"]
[WhiteTeam "Muswell Hill Bishops"]
[Black "He, Tom Junde"]
[BlackElo "1487"]
[BlackTeam "Warwickshire Bears B"]
[Result "0-1"]
[PlyCount "80"]

1. e4 e5 2. Nf3 Nc6 3. Bc4 Bc5 4. c3 Nf6 5. d4 exd4 6. cxd4 Bb4+ 7. Bd2 Nxe4 8. Bxb4 Nxb4 9. Qb3 Qe7 10. O-O O-O 11. Re1 c6 12. a3 Na6 13. d5 Nac5 14. Qc2 a5 15. Nc3 Re8 16. d6 Qxd6 17. Nxe4 Nxe4 18. Rxe4 Rxe4 19. Qxe4 Qf8 20. Ng5 g6 21. Nxf7 d5 22. Ng5 dxc4 23. Qxc4+ Kg7 24. Qd4+ Kg8 25. Rd1 Bf5 26. g4 Qe7 27. Qc4+ Kg7 28. Qd4+ Kh6 29. Nh3 Qh4 30. g5+ Kh5 31. Nf4+ Kxg5 32. Ne6+ Bxe6 33. Qe3+ Kf5 34. Qf3+ Qf4 35. Qd3+ Kg5 36. Qc3 Qg4+ 37. Kf1 Qxd1+ 38. Kg2 Bd5+ 39. Kg3 Qg1+ 40. Kh3 Qg4# {[W: 0:00:19; B: 0:01:14]} 0-1

[Event "Junior Online 4NCL Division 1"]
[Site "online"]
[Date "2021.04.01"]
[EventDate "2021.04.01"]
[Round "6.135"]
[White "Badacsonyi, Frankie"]
[WhiteElo "1727"]
[WhiteTeam "Muswell Hill Bishops"]
[Black "Chen, Daniel Xingyu"]
[BlackElo "1571"]
[BlackTeam "Warwickshire Bears B"]
[Result "1-0"]
[PlyCount "115"]

1. d4 Nf6 2. Bg5 c5 3. Nc3 h6 4. Bxf6 exf6 5. dxc5 Bxc5 6. e4 Qb6 7. Qd2 Bxf2+ 8. Qxf2 Qxb2 9. Rb1 Qxc3+ 10. Qd2 Qxd2+ 11. Kxd2 Nc6 12. Nf3 O-O 13. Bc4 Ne5 14. Nxe5 fxe5 15. Bd5 Rb8 16. Rb3 b6 17. a4 Bb7 18. Bxb7 Rxb7 19. a5 Rfb8 20. Rhb1 Kf8 21. c4 Ke7 22. c5 b5 23. a6 Rc7 24. Rxb5 Rxb5 25. Rxb5 Rc6 26. Ra5 g6 27. g4 h5 28. gxh5 gxh5 29. Kd3 Rg6 30. c6 Rd6+ 31. Ke3 f6 32. cxd7 Kxd7 33. Ra1 Kc7 34. h4 Kb6 35. Rf1 Kxa6 36. Rf5 Kb5 37. Rxh5 a5 38. Rh8 a4 39. Rb8+ Rb6 40. Rxb6+ Kxb6 41. Kd3 a3 42. Kc3 Kc5 43. h5 a2 44. Kb2 Kd4 45. h6 Kxe4 46. h7 Kd3 47. h8=Q e4 48. Qxf6 e3 49. Kxa2 e2 50. Qf2 Kd2 51. Qd4+ Kc1 52. Qe3+ Kd1 53. Qd3+ Ke1 54. Kb2 Kf1 55. Kc2 Kf2 56. Qf5+ Ke3 57. Qe5+ Kf3 58. Kd2 {[W: 0:03:59; B: 0:02:57]} 1-0

[Event "Junior Online 4NCL Division 1"]
[Site "online"]
[Date "2021.04.01"]
[EventDate "2021.04.01"]
[Round "6.136"]
[White "Lacoult, Maxime"]
[WhiteElo "1600"]
[WhiteTeam "Warwickshire Bears B"]
[Black "Bird, Max"]
[BlackElo "1572"]
[BlackTeam "Muswell Hill Bishops"]
[Result "1-0"]
[PlyCount "57"]

1. b3 d5 2. Bb2 Nf6 3. e3 Nc6 4. Bb5 Bd7 5. Ne2 a6 6. Bxc6 Bxc6 7. O-O e6 8. Nd4 Bd6 9. d3 O-O 10. Nd2 Qd7 11. Rc1 Rfe8 12. Nxc6 Qxc6 13. Bxf6 gxf6 14. Qh5 Kf8 15. Qh6+ Ke7 16. e4 Rh8 17. exd5 Qxd5 18. Ne4 Be5 19. Qd2 f5 20. Qg5+ Kd7 21. Nf6+ Kd6 22. Nxd5 Rag8 23. Qe7+ Kxd5 24. c4+ Kc6 25. Qxf7 Rg7 26. Qxe6+ Bd6 27. Qd5+ Kd7 28. Qxf5+ Kd8 29. Qf6+ {[W: 0:02:26; B: 0:09:38]} 1-0

[Event "Junior Online 4NCL Division 1"]
[Site "online"]
[Date "2021.04.01"]
[EventDate "2021.04.01"]
[Round "6.137"]
[White "Badacsonyi, Stanley"]
[WhiteElo "1480"]
[WhiteTeam "Muswell Hill Bishops"]
[Black "Vaidyanathan, Adithya"]
[BlackElo "1516"]
[BlackTeam "Warwickshire Bears B"]
[Result "1-0"]
[PlyCount "93"]

1. d4 d5 2. Nc3 Nf6 3. Bf4 c5 4. e3 Bd7 5. dxc5 Nc6 6. Nxd5 Nxd5 7. Qxd5 e6 8. Qd2 Bxc5 9. Nf3 Qb6 10. O-O-O Rd8 11. Qc3 Nb4 12. Qxg7 Rf8 13. a3 Nxc2 14. Rxd7 Rxd7 15. Kxc2 f6 16. Qh6 e5 17. Bg3 Bxa3 18. b3 e4 19. Nd4 Bc5 20. Bb5 Bxd4 21. Bxd7+ Kxd7 22. Qxh7+ Ke6 23. Qxe4+ Kf7 24. Qxd4 Rc8+ 25. Kb2 Qc6 26. Qc4+ Qxc4 27. bxc4 Rxc4 28. Rd1 Ke6 29. Rd6+ Ke7 30. Rd2 a5 31. Kb3 Rb4+ 32. Ka3 b5 33. Bd6+ Kd7 34. Bxb4+ Kc6 35. Bxa5 Kc5 36. Rc2+ Kd5 37. h4 Ke4 38. h5 Kf5 39. e4+ Kg5 40. g4 Kh6 41. Bd2+ Kg7 42. Rc7+ Kh8 43. h6 Kg8 44. h7+ Kh8 45. Bc3 b4+ 46. Bxb4 f5 47. Bc3# {[W: 0:03:50; B: 0:04:22]} 1-0

[Event "Junior Online 4NCL Division 1"]
[Site "online"]
[Date "2021.04.01"]
[EventDate "2021.04.01"]
[Round "6.138"]
[White "He, Tom Junde"]
[WhiteElo "1487"]
[WhiteTeam "Warwickshire Bears B"]
[Black "Burnton, Joshua"]
[BlackElo "1472"]
[BlackTeam "Muswell Hill Bishops"]
[Result "0-1"]
[PlyCount "89"]

1. d4 Nf6 2. Nf3 b6 3. Bf4 Bb7 4. e3 e6 5. Nc3 a6 6. a3 c5 7. dxc5 Bxc5 8. Be2 O-O 9. O-O Nc6 10. b4 Be7 11. Nd4 Nxd4 12. Qxd4 d6 13. Qd2 e5 14. Bg3 Rc8 15. Rac1 Qc7 16. Na2 Ne4 17. Qd3 Qc6 18. Bf3 f5 19. h3 Qd5 20. Rfd1 Qxa2 21. c4 b5 22. cxb5 Nxg3 23. fxg3 Rxc1 24. Rxc1 e4 25. Qc3 exf3 26. gxf3 Rc8 27. Qxc8+ Bxc8 28. Rxc8+ Kf7 29. b6 Qd5 30. Rc7 Qa8 31. Ra7 Qb8 32. Rxa6 Qb7 33. b5 Ke6 34. Kf2 Bd8 35. a4 Bxb6 36. Ke2 Kd5 37. Kd3 Kc5 38. e4 fxe4+ 39. fxe4 Kb4 40. g4 Ba5 41. Rxd6 Kxa4 42. Rd4+ Kxb5 43. e5 Qf3+ 44. Kc2 Qc3+ 45. Kd1 {[W: 0:02:58; B: 0:00:40]} 0-1

[Event "Junior Online 4NCL Division 1"]
[Site "online"]
[Date "2021.04.01"]
[EventDate "2021.04.01"]
[Round "6.141"]
[White "Murawski, Pawel"]
[WhiteElo "1687"]
[WhiteTeam "Ojays B"]
[Black "Whelan, Joseph"]
[BlackElo "1703"]
[BlackTeam "4 Gems"]
[Result "1-0"]
[PlyCount "91"]

1. d4 c5 2. d5 d6 3. c4 e5 4. e4 Nf6 5. Nc3 a6 6. Bg5 h6 7. Be3 Bd7 8. Be2 Be7 9. Qd2 Bg4 10. f3 Bh5 11. g4 Bg6 12. h4 Nfd7 13. Bf2 Bf6 14. Bd3 Nb6 15. Nge2 N8d7 16. O-O-O Qe7 17. f4 exf4 18. Nxf4 Ne5 19. Nxg6 fxg6 20. g5 Nxd3+ 21. Qxd3 Be5 22. Bg3 hxg5 23. Bxe5 Qxe5 24. hxg5 Qxg5+ 25. Kb1 Rxh1 26. Rxh1 O-O-O 27. Qh3+ Kb8 28. Qf3 Nxc4 29. Qe2 b5 30. a4 Nd2+ 31. Kc2 Nc4 32. axb5 Ne3+ 33. Kb1 c4 34. bxa6 Rf8 35. Re1 Ng4 36. Qxc4 Qe7 37. Qb5+ Ka8 38. Qc6+ Kb8 39. Nb5 Ne5 40. Qb6+ Kc8 41. a7 Kd7 42. Qc7+ Ke8 43. a8=Q+ Kf7 44. Rf1+ Kg8 45. Rxf8+ Kh7 46. Rh8# {[W: 0:01:16; B: 0:03:18]} 1-0

[Event "Junior Online 4NCL Division 1"]
[Site "online"]
[Date "2021.04.01"]
[EventDate "2021.04.01"]
[Round "6.142"]
[White "Gogia, Abeer"]
[WhiteElo "1493"]
[WhiteTeam "4 Gems"]
[Black "Parnes, Shira"]
[BlackElo "1669"]
[BlackTeam "Ojays B"]
[Result "1-0"]
[PlyCount "145"]

1. e4 e5 2. Nf3 Nc6 3. d4 exd4 4. Nxd4 Nf6 5. Nxc6 bxc6 6. Nc3 Bb4 7. Bd3 O-O 8. O-O h6 9. Bd2 d5 10. exd5 cxd5 11. a3 Ba5 12. Re1 Bg4 13. Be2 Be6 14. Bf3 c6 15. b4 Bc7 16. h3 Qd6 17. Kf1 Rfe8 18. g4 Qh2 19. Bg2 h5 20. f3 hxg4 21. fxg4 Bb6 22. Be3 Bxe3 23. Rxe3 Rad8 24. Ne2 Qc7 25. c3 Qb6 26. Qd4 Qc7 27. Re1 Bd7 28. Ng1 Rxe3 29. Rxe3 Qb7 30. Nf3 Qa6+ 31. Kf2 Qxa3 32. g5 Ne4+ 33. Kg1 Qc1+ 34. Kh2 Re8 35. Ne5 Bf5 36. Nxc6 Qb2 37. Nxa7 Qf2 38. Nb5 Qa2 39. Nc7 Rc8 40. Nxd5 Qa8 41. Ne7+ Kh8 42. Nxc8 Qxc8 43. Bxe4 Qc7+ 44. Kg2 Be6 45. Bd5 Qe7 46. Bxe6 fxe6 47. Qh4+ Kg8 48. Qg4 Qb7+ 49. Kf2 Qa7 50. Qxe6+ Kh7 51. g6+ Kh6 52. c4 Qa2+ 53. Kf3 Qh2 54. Qg4 Qh1+ 55. Qg2 Qd1+ 56. Qe2 Qh1+ 57. Kf4 Qb7 58. b5 Qc7+ 59. Kf3 Qxc4 60. Qxc4 Kxg6 61. Qg4+ Kf6 62. Re6+ Kf7 63. Qg6+ Kf8 64. Qh7 Kf7 65. b6 Kxe6 66. b7 g5 67. Qg6+ Ke5 68. b8=Q+ Kd5 69. Qf5+ Kd4 70. Qd6+ Kc4 71. Qc8+ Kb3 72. Qdb8+ Ka4 73. Qa6# {[W: 0:01:15; B: 0:01:08]} 1-0

[Event "Junior Online 4NCL Division 1"]
[Site "online"]
[Date "2021.04.01"]
[EventDate "2021.04.01"]
[Round "6.143"]
[White "Turner, Ben"]
[WhiteElo "1607"]
[WhiteTeam "Ojays B"]
[Black "Rizvi, Zara"]
[BlackElo "1333"]
[BlackTeam "4 Gems"]
[Result "1-0"]
[PlyCount "49"]

1. d4 d5 2. c4 e6 3. Nc3 Nf6 4. Bg5 Be7 5. e3 O-O 6. Nf3 Nbd7 7. Nxd5 exd5 8. cxd5 Nxd5 9. Bxe7 Nxe7 10. Bc4 Nc6 11. O-O b6 12. Bd5 Bb7 13. Rc1 Ndb8 14. Be4 Ba6 15. Re1 Re8 16. Bxc6 Nxc6 17. Rxc6 Bb7 18. Rc1 Rc8 19. Qb3 Qd7 20. Ne5 Rf8 21. Nxd7 Rfd8 22. Ne5 Bd5 23. Qa3 a5 24. h3 h6 25. Rc3 {[W: 0:07:57; B: 0:05:45]} 1-0

[Event "Junior Online 4NCL Division 1"]
[Site "online"]
[Date "2021.04.01"]
[EventDate "2021.04.01"]
[Round "6.144"]
[White "Rizvi, Aysha"]
[WhiteElo "1305"]
[WhiteTeam "4 Gems"]
[Black "Hertog, Alexander"]
[BlackElo "1593"]
[BlackTeam "Ojays B"]
[Result "0-1"]
[PlyCount "46"]

1. d4 d5 2. Nc3 Nf6 3. Bf4 a6 4. e3 Bf5 5. f3 e6 6. g4 Bg6 7. Bd3 Nc6 8. Bxg6 hxg6 9. Qd3 Bd6 10. O-O-O Bxf4 11. exf4 Qd6 12. Nge2 O-O-O 13. g5 Nd7 14. Qe3 Nb6 15. Qf2 Nc4 16. Na4 Qb4 17. Nec3 b5 18. b3 Qa3+ 19. Kb1 bxa4 20. bxc4 Qxc3 21. Rd3 Qb4+ 22. Kc1 dxc4 23. Re3 Kd7 {Time forfeit} {[W: 0:00:06; B: 0:03:03]} 0-1

[Event "Junior Online 4NCL Division 1"]
[Site "online"]
[Date "2021.04.01"]
[EventDate "2021.04.01"]
[Round "6.145"]
[White "Whelan, Joseph"]
[WhiteElo "1703"]
[WhiteTeam "4 Gems"]
[Black "Murawski, Pawel"]
[BlackElo "1687"]
[BlackTeam "Ojays B"]
[Result "0-1"]
[PlyCount "116"]

1. e4 e5 2. Nf3 Nc6 3. Bc4 Bc5 4. c3 Nf6 5. d4 exd4 6. cxd4 Bb4+ 7. Nc3 Nxe4 8. O-O Nxc3 9. bxc3 Be7 10. Ne5 Nxe5 11. dxe5 O-O 12. Bd3 d6 13. Bf4 dxe5 14. Bxe5 Bf6 15. Re1 Bxe5 16. Rxe5 Be6 17. Qc2 h6 18. Rd1 Qf6 19. Re3 Rad8 20. Rf3 Qe7 21. Re1 Qc5 22. Rg3 Rfe8 23. Qd2 Bc4 24. Rxe8+ Rxe8 25. h3 Qd6 26. a4 Rd8 27. Rg4 Bxd3 28. Rd4 Qf6 29. Rxd3 Rxd3 30. Qxd3 Qd6 31. Qxd6 cxd6 32. f4 Kf8 33. Kf2 Ke7 34. Ke3 Ke6 35. Kd4 f5 36. c4 b6 37. g4 g6 38. g5 h5 39. h4 a6 40. Kc3 Kd7 41. Kd3 Kc6 42. Kd4 a5 43. Kc3 Kc5 44. Kd3 Kb4 45. Kd4 Kxa4 46. Kc3 Ka3 47. Kd4 Kb4 48. Kd3 a4 49. Kc2 Kxc4 50. Kb2 d5 51. Ka3 d4 52. Kxa4 d3 53. Ka3 d2 54. Kb2 d1=Q 55. Ka2 Qb3+ 56. Ka1 Qb4 57. Ka2 Kc3 58. Ka1 Qb2# {[W: 0:05:49; B: 0:03:12]} 0-1